000 00775nam a2200229 i 4500
001 150120
003 ES-MaACL
005 20250804072417.0
007 t|
008 071026s1970 sp |||| | spa d
080 _a821.134.2-32"19"
080 _a821.134.2-23"19"
100 1 _aValle-Inclán, Ramón del,
_d1866-1936
_9112796
245 1 3 _aEl yermo de las almas
_b: episodios de la vida íntima ; Una tertulia de antaño /
_cRamón del Valle-Inclán.
260 _aMadrid :
_bAlianza Editorial,
_c[1970]
300 _a175 p. ;
_c18 cm.
490 1 _aEl libro de bolsillo. Literatura ;
_v272
740 4 _aUna tertulia de antaño.
830 0 3 _aEl libro de bolsillo.
_pLiteratura
_v272
_9180913
852 _aES-MaACL
_jC-40443
999 _c150120
_d150120